Statistiken für 5 Größte Minderheiten nach Land #3

Klicken Sie hier um das Quiz zu spielen!

Allgemein

  • Dieses Quiz wurde 27 mal gespielt
  • Das Durchschnittsergebnis liegt bei 27 aus 43

Antwortstatistiken

To HereFrom Here% Korrekt
Dominican RepublicSpanien
96%
Turkey, Netherlands, GreeceDeutschland
93%
TurkeySyrien
93%
GreeceAlbanien
89%
ThailandChina
89%
Saudi Arabia, FijiIndien
85%
Saudi Arabia, FijiBangladesch
81%
NetherlandsTürkei
81%
PortugalBrasilien
78%
PortugalFrankreich
78%
NetherlandsMarokko
78%
Dominican RepublicVereinigte Staaten
78%
KenyaÄthiopien
74%
FijiAustralien
74%
Dominican RepublicHaiti
74%
ThailandKambodscha
74%
ThailandMyanmar
74%
Turkey, GreeceBulgarien
70%
Saudi Arabia, NetherlandsIndonesien
67%
ThailandLaos
67%
Ivory CoastMali
67%
Saudi Arabia, FijiPakistan
67%
GreeceRussland
67%
KenyaSomalia
67%
KenyaTansania
67%
Saudi ArabiaÄgypten
63%
TurkeyGriechenland
63%
Dominican RepublicKuba
63%
KenyaUganda
63%
Ivory CoastBurkina Faso
59%
PortugalMosambik
59%
Ivory CoastLiberia
56%
Ivory CoastBenin
52%
PortugalAngola
48%
Ivory CoastGuinea
44%
TurkeyNordmazedonien
44%
KenyaSüdsudan
44%
NetherlandsSuriname
37%
ThailandNepal
33%
Dominican RepublicVenezuela
33%
GreeceGeorgien
22%
PortugalKap Verde
19%
FijiTonga
19%

Verteilung der Resultate

Perzentil nach korrekt beantworteten Fragen

Anzahl Personen mit jedem Resultat

Ihre Resultats-Entwicklung

Sie haben dieses Quiz noch nicht gespielt